Dvě modlitby, op. 17 pro solový hlas s průvodem varhan /

Hlavní autor: Procházka, Jan, 1853-1931
Jazyk: Čeština
Vydáno: Kutná Hora : Česká Hudba, [1912?]
Fyzický popis: 5 s.
Hudebniny Hudebniny
Uloženo v:
LEADER 00719ncm a22002052a 4500
001 001122481
003 CZ BrMZK
005 20110615090629.0
007 qu
008 980105s1912 xr f cze d
040 |a BOA001  |b cze 
072 7 |a 783  |x Církevní hudba. Duchovní hudba. Náboženská hudba  |2 Konspekt  |9 9 
100 1 |a Procházka, Jan,  |d 1853-1931  |7 hka0075958  |4 cmp 
245 1 0 |a Dvě modlitby, op. 17  |h [hudebnina] :  |b pro solový hlas s průvodem varhan /  |c Jan Procházka 
260 |a Kutná Hora :  |b Česká Hudba,  |c [1912?] 
300 |a 5 s. 
910 |a BOA001  |b Mus4-0279.231 
990 |a MU 
991 |b 201010 
996 6 |b 2619554941  |c Mus4-0279.231  |l MZK  |r Sklad / do 1 hodiny  |n 0  |w 001150890  |u 000010  |a 1  |e BOA001  |j MZK50  |s P